000 00719nmm a2200277 a 4500
003 AR-BaBNM
005 20251128203512.0
008 011101s1976 ||||||||||||||000 | spa||
020 _a84-7046-034-X
040 _cAR-BaBNM
100 1 _aTrubetzkoy, N.S.
245 1 0 _aPrincipios de fonología
250 _a2ª ed.
260 _aMadrid
_bCincel
_c1976
300 _axxvi, 271 p.
500 _aContiene prólogo de Luis A. Prieto a la edición española
650 4 _aANALISIS LINGUISTICO
650 4 _aMODELOS LINGUISTICOS
650 4 _aTEORIA LINGUISTICA
650 4 _aSEMANTICA
650 4 _aFONOLOGIA
650 4 _aFONETICA
650 4 _aMORFOLOGIA [LINGUISTICA]
942 _cBK
998 _claura
999 _c3674
_d3674